15 zufällige Stellen auf einer grenzenlosen Europakarte - Statistiken

Allgemein
  • Dieses Quiz wurde 25.808 mal gespielt
  • Das Durchschnittsergebnis liegt bei 12 aus 15
Antworten auf der Karte
Die Antworten werden auf der Karte rot bzw. grün angezeigt, abhängig davon wie oft sie richtig erraten wurden.
 
Antwortstatistiken
Land % Korrekt
Spanien
100%
Deutschland
99%
Frankreich
99%
Norwegen
99%
Schweden
99%
Schweden
99%
Deutschland
98%
Deutschland
98%
Deutschland
98%
Deutschland
98%
Deutschland
98%
Deutschland
98%
Deutschland
98%
Frankreich
98%
Frankreich
98%
Italien
98%
Italien
98%
Italien
98%
Norwegen
98%
Norwegen
98%
Norwegen
98%
Schweden
98%
Schweden
98%
Schweden
98%
Schweden
98%
Schweden
98%
Schweden
98%
Deutschland
97%
Deutschland
97%
Finnland
97%
Frankreich
97%
Frankreich
97%
Frankreich
97%
Frankreich
97%
Frankreich
97%
Frankreich
97%
Norwegen
97%
Norwegen
97%
Norwegen
97%
Norwegen
97%
Norwegen
97%
Norwegen
97%
Russland
97%
Schweden
97%
Schweden
97%
Schweden
97%
Schweden
97%
Schweden
97%
Schweden
97%
Schweden
97%
Schweden
97%
Schweden
97%
Schweden
97%
Schweden
97%
Schweden
97%
Schweden
97%
Schweden
97%
Schweden
97%
Spanien
97%
Spanien
97%
Spanien
97%
Deutschland
96%
Deutschland
96%
Finnland
96%
Finnland
96%
Finnland
96%
Frankreich
96%
Frankreich
96%
Frankreich
96%
Frankreich
96%
Frankreich
96%
Frankreich
96%
Frankreich
96%
Frankreich
96%
Irland
96%
Irland
96%
Irland
96%
Italien
96%
Norwegen
96%
Norwegen
96%
Norwegen
96%
Norwegen
96%
Norwegen
96%
Norwegen
96%
Norwegen
96%
Norwegen
96%
Norwegen
96%
Russland
96%
Russland
96%
Russland
96%
Schweden
96%
Schweden
96%
Schweden
96%
Schweden
96%
Schweden
96%
Schweden
96%
Schweden
96%
Schweden
96%
Schweden
96%
Schweden
96%
Schweden
96%
Schweden
96%
Schweden
96%
Spanien
96%
Deutschland
95%
Deutschland
95%
Deutschland
95%
Deutschland
95%
Deutschland
95%
Deutschland
95%
Deutschland
95%
Finnland
95%
Frankreich
95%
Frankreich
95%
Frankreich
95%
Frankreich
95%
Frankreich
95%
Frankreich
95%
Frankreich
95%
Frankreich
95%
Irland
95%
Island
95%
Italien
95%
Norwegen
95%
Norwegen
95%
Norwegen
95%
Norwegen
95%
Norwegen
95%
Norwegen
95%
Norwegen
95%
Norwegen
95%
Norwegen
95%
Norwegen
95%
Norwegen
95%
Norwegen
95%
Norwegen
95%
Norwegen
95%
Norwegen
95%
Norwegen
95%
Norwegen
95%
Norwegen
95%
Norwegen
95%
Norwegen
95%
Norwegen
95%
Polen
95%
Russland
95%
Schweden
95%
Schweden
95%
Schweden
95%
Schweden
95%
Schweden
95%
Schweden
95%
Schweden
95%
Schweden
95%
Schweden
95%
Schweden
95%
Schweden
95%
Schweden
95%
Schweden
95%
Schweden
95%
Spanien
95%
Spanien
95%
Spanien
95%
Vereinigtes Königreich
95%
Dänemark
94%
Deutschland
94%
Deutschland
94%
Deutschland
94%
Deutschland
94%
Deutschland
94%
Deutschland
94%
Deutschland
94%
Deutschland
94%
Deutschland
94%
Finnland
94%
Finnland
94%
Frankreich
94%
Frankreich
94%
Frankreich
94%
Frankreich
94%
Frankreich
94%
Frankreich
94%
Frankreich
94%
Frankreich
94%
Irland
94%
Irland
94%
Island
94%
Island
94%
Island
94%
Italien
94%
Italien
94%
Norwegen
94%
Norwegen
94%
Norwegen
94%
Norwegen
94%
Norwegen
94%
Norwegen
94%
Norwegen
94%
Norwegen
94%
Norwegen
94%
Norwegen
94%
Norwegen
94%
Norwegen
94%
Norwegen
94%
Norwegen
94%
Norwegen
94%
Norwegen
94%
Norwegen
94%
Norwegen
94%
Norwegen
94%
Norwegen
94%
Portugal
94%
Portugal
94%
Russland
94%
Russland
94%
Russland
94%
Schweden
94%
Schweden
94%
Schweden
94%
Schweden
94%
Schweden
94%
Schweden
94%
Schweden
94%
Schweden
94%
Schweden
94%
Schweden
94%
Schweden
94%
Schweden
94%
Schweden
94%
Schweden
94%
Schweden
94%
Schweden
94%
Spanien
94%
Spanien
94%
Spanien
94%
Spanien
94%
Spanien
94%
Spanien
94%
Spanien
94%
Spanien
94%
Spanien
94%
Belgien
93%
Deutschland
93%
Deutschland
93%
Deutschland
93%
Deutschland
93%
Deutschland
93%
Deutschland
93%
Deutschland
93%
Deutschland
93%
Deutschland
93%
Deutschland
93%
Deutschland
93%
Deutschland
93%
Finnland
93%
Finnland
93%
Finnland
93%
Frankreich
93%
Frankreich
93%
Frankreich
93%
Frankreich
93%
Frankreich
93%
Frankreich
93%
Frankreich
93%
Frankreich
93%
Frankreich
93%
Frankreich
93%
Frankreich
93%
Frankreich
93%
Frankreich
93%
Frankreich
93%
Frankreich
93%
Frankreich
93%
Frankreich
93%
Frankreich
93%
Irland
93%
Irland
93%
Irland
93%
Island
93%
Italien
93%
Norwegen
93%
Norwegen
93%
Norwegen
93%
Norwegen
93%
Norwegen
93%
Norwegen
93%
Norwegen
93%
Norwegen
93%
Norwegen
93%
Norwegen
93%
Norwegen
93%
Norwegen
93%
Norwegen
93%
Norwegen
93%
Norwegen
93%
Norwegen
93%
Norwegen
93%
Polen
93%
Portugal
93%
Portugal
93%
Russland
93%
Russland
93%
Russland
93%
Russland
93%
Russland
93%
Russland
93%
Russland
93%
Russland
93%
Schweden
93%
Schweden
93%
Schweden
93%
Schweden
93%
Schweden
93%
Schweden
93%
Schweden
93%
Schweden
93%
Schweden
93%
Schweden
93%
Schweden
93%
Schweden
93%
Schweden
93%
Schweden
93%
Schweden
93%
Schweden
93%
Schweden
93%
Schweden
93%
Schweden
93%
Schweden
93%
Spanien
93%
Spanien
93%
Spanien
93%
Spanien
93%
Spanien
93%
Spanien
93%
Spanien
93%
Spanien
93%
Spanien
93%
Vereinigtes Königreich
93%
Vereinigtes Königreich
93%
Vereinigtes Königreich
93%
Dänemark
92%
Dänemark
92%
Dänemark
92%
Dänemark
92%
Deutschland
92%
Deutschland
92%
Deutschland
92%
Deutschland
92%
Deutschland
92%
Deutschland
92%
Deutschland
92%
Deutschland
92%
Deutschland
92%
Deutschland
92%
Finnland
92%
Finnland
92%
Finnland
92%
Finnland
92%
Finnland
92%
Finnland
92%
Finnland
92%
Finnland
92%
Finnland
92%
Frankreich
92%
Frankreich
92%
Frankreich
92%
Frankreich
92%
Frankreich
92%
Frankreich
92%
Frankreich
92%
Frankreich
92%
Frankreich
92%
Frankreich
92%
Frankreich
92%
Frankreich
92%
Frankreich
92%
Frankreich
92%
Frankreich
92%
Frankreich
92%
Frankreich
92%
Frankreich
92%
Irland
92%
Irland
92%
Italien
92%
Italien
92%
Italien
92%
Italien
92%
Italien
92%
Italien
92%
Italien
92%
Italien
92%
Italien
92%
Niederlande
92%
Norwegen
92%
Norwegen
92%
Norwegen
92%
Norwegen
92%
Norwegen
92%
Norwegen
92%
Norwegen
92%
Norwegen
92%
Norwegen
92%
Norwegen
92%
Norwegen
92%
Norwegen
92%
Norwegen
92%
Norwegen
92%
Norwegen
92%
Norwegen
92%
Norwegen
92%
Norwegen
92%
Norwegen
92%
Norwegen
92%
Norwegen
92%
Norwegen
92%
Polen
92%
Portugal
92%
Portugal
92%
Russland
92%
Russland
92%
Russland
92%
Russland
92%
Russland
92%
Russland
92%
Russland
92%
Russland
92%
Russland
92%
Russland
92%
Russland
92%
Schweden
92%
Schweden
92%
Schweden
92%
Schweden
92%
Schweden
92%
Schweden
92%
Schweden
92%
Schweden
92%
Schweden
92%
Schweden
92%
Schweden
92%
Schweden
92%
Schweden
92%
Schweden
92%
Schweden
92%
Schweden
92%
Schweden
92%
Schweden
92%
Schweden
92%
Spanien
92%
Spanien
92%
Spanien
92%
Spanien
92%
Spanien
92%
Spanien
92%
Spanien
92%
Spanien
92%
Spanien
92%
Spanien
92%
Spanien
92%
Vereinigtes Königreich
92%
Vereinigtes Königreich
92%
Vereinigtes Königreich
92%
Dänemark
91%
Deutschland
91%
Deutschland
91%
Deutschland
91%
Deutschland
91%
Deutschland
91%
Deutschland
91%
Deutschland
91%
Deutschland
91%
Deutschland
91%
Deutschland
91%
Deutschland
91%
Finnland
91%
Finnland
91%
Finnland
91%
Finnland
91%
Finnland
91%
Finnland
91%
Finnland
91%
Finnland
91%
Frankreich
91%
Frankreich
91%
Frankreich
91%
Frankreich
91%
Frankreich
91%
Frankreich
91%
Frankreich
91%
Frankreich
91%
Frankreich
91%
Frankreich
91%
Frankreich
91%
Frankreich
91%
Frankreich
91%
Frankreich
91%
Frankreich
91%
Frankreich
91%
Frankreich
91%
Frankreich
91%
Irland
91%
Irland
91%
Irland
91%
Island
91%
Island
91%
Island
91%
Italien
91%
Italien
91%
Italien
91%
Italien
91%
Italien
91%
Italien
91%
Norwegen
91%
Norwegen
91%
Norwegen
91%
Norwegen
91%
Norwegen
91%
Norwegen
91%
Norwegen
91%
Norwegen
91%
Norwegen
91%
Norwegen
91%
Norwegen
91%
Norwegen
91%
Norwegen
91%
Norwegen
91%
Portugal
91%
Portugal
91%
Russland
91%
Russland
91%
Russland
91%
Russland
91%
Russland
91%
Russland
91%
Russland
91%
Russland
91%
Russland
91%
Russland
91%
Russland
91%
Russland
91%
Russland
91%
Russland
91%
Russland
91%
Russland
91%
Russland
91%
Russland
91%
Schweden
91%
Schweden
91%
Schweden
91%
Schweden
91%
Schweden
91%
Schweden
91%
Schweden
91%
Schweden
91%
Schweden
91%
Schweden
91%
Schweden
91%
Schweden
91%
Schweden
91%
Schweden
91%
Schweden
91%
Schweden
91%
Schweden
91%
Schweden
91%
Schweden
91%
Schweden
91%
Schweden
91%
Schweden
91%
Schweden
91%
Schweden
91%
Schweden
91%
Schweden
91%
Schweden
91%
Spanien
91%
Spanien
91%
Spanien
91%
Spanien
91%
Spanien
91%
Spanien
91%
Spanien
91%
Spanien
91%
Spanien
91%
Spanien
91%
Spanien
91%
Spanien
91%
Spanien
91%
Vereinigtes Königreich
91%
Vereinigtes Königreich
91%
Vereinigtes Königreich
91%
Vereinigtes Königreich
91%
Vereinigtes Königreich
91%
Deutschland
90%
Deutschland
90%
Deutschland
90%
Deutschland
90%
Deutschland
90%
Deutschland
90%
Deutschland
90%
Deutschland
90%
Deutschland
90%
Deutschland
90%
Deutschland
90%
Deutschland
90%
Deutschland
90%
Deutschland
90%
Finnland
90%
Finnland
90%
Finnland
90%
Finnland
90%
Finnland
90%
Finnland
90%
Finnland
90%
Finnland
90%
Finnland
90%
Finnland
90%
Frankreich
90%
Frankreich
90%
Frankreich
90%
Frankreich
90%
Frankreich
90%
Frankreich
90%
Frankreich
90%
Frankreich
90%
Frankreich
90%
Frankreich
90%
Frankreich
90%
Frankreich
90%
Frankreich
90%
Frankreich
90%
Frankreich
90%
Frankreich
90%
Frankreich
90%
Irland
90%
Irland
90%
Island
90%
Island
90%
Island
90%
Island
90%
Italien
90%
Italien
90%
Italien
90%
Italien
90%
Italien
90%
Italien
90%
Italien
90%
Norwegen
90%
Norwegen
90%
Norwegen
90%
Norwegen
90%
Norwegen
90%
Norwegen
90%
Norwegen
90%
Norwegen
90%
Norwegen
90%
Norwegen
90%
Norwegen
90%
Norwegen
90%
Norwegen
90%
Norwegen
90%
Norwegen
90%
Portugal
90%
Russland
90%
Russland
90%
Russland
90%
Russland
90%
Russland
90%
Russland
90%
Russland
90%
Russland
90%
Russland
90%
Russland
90%
Russland
90%
Russland
90%
Russland
90%
Russland
90%
Russland
90%
Russland
90%
Russland
90%
Russland
90%
Russland
90%
Russland
90%
Russland
90%
Russland
90%
Russland
90%
Russland
90%
Russland
90%
Russland
90%
Russland
90%
Schweden
90%
Schweden
90%
Schweden
90%
Schweden
90%
Schweden
90%
Schweden
90%
Schweden
90%
Schweden
90%
Schweden
90%
Schweden
90%
Schweden
90%
Schweden
90%
Schweden
90%
Schweden
90%
Schweden
90%
Schweden
90%
Schweden
90%
Schweden
90%
Schweden
90%
Schweden
90%
Spanien
90%
Spanien
90%
Spanien
90%
Spanien
90%
Spanien
90%
Spanien
90%
Spanien
90%
Spanien
90%
Spanien
90%
Spanien
90%
Spanien
90%
Spanien
90%
Vereinigtes Königreich
90%
Vereinigtes Königreich
90%
Vereinigtes Königreich
90%
Vereinigtes Königreich
90%
Dänemark
89%
Dänemark
89%
Dänemark
89%
Deutschland
89%
Deutschland
89%
Deutschland
89%
Deutschland
89%
Deutschland
89%
Deutschland
89%
Deutschland
89%
Deutschland
89%
Finnland
89%
Finnland
89%
Finnland
89%
Finnland
89%
Finnland
89%
Finnland
89%
Finnland
89%
Finnland
89%
Finnland
89%
Finnland
89%
Finnland
89%
Finnland
89%
Finnland
89%
Frankreich
89%
Frankreich
89%
Frankreich
89%
Frankreich
89%
Frankreich
89%
Frankreich
89%
Frankreich
89%
Frankreich
89%
Frankreich
89%
Frankreich
89%
Frankreich
89%
Frankreich
89%
Frankreich
89%
Frankreich
89%
Irland
89%
Irland
89%
Island
89%
Island
89%
Island
89%
Island
89%
Island
89%
Island
89%
Italien
89%
Italien
89%
Italien
89%
Italien
89%
Italien
89%
Italien
89%
Niederlande
89%
Niederlande
89%
Niederlande
89%
Norwegen
89%
Norwegen
89%
Norwegen
89%
Norwegen
89%
Norwegen
89%
Norwegen
89%
Norwegen
89%
Norwegen
89%
Norwegen
89%
Norwegen
89%
Norwegen
89%
Norwegen
89%
Norwegen
89%
Norwegen
89%
Norwegen
89%
Norwegen
89%
Norwegen
89%
Norwegen
89%
Polen
89%
Polen
89%
Polen
89%
Russland
89%
Russland
89%
Russland
89%
Russland
89%
Russland
89%
Russland
89%
Russland
89%
Russland
89%
Russland
89%
Russland
89%
Russland
89%
Russland
89%
Russland
89%
Russland
89%
Russland
89%
Russland
89%
Russland
89%
Russland
89%
Russland
89%
Russland
89%
Russland
89%
Russland
89%
Russland
89%
Russland
89%
Russland
89%
Russland
89%
Russland
89%
Schweden
89%
Schweden
89%
Schweden
89%
Schweden
89%
Schweden
89%
Schweden
89%
Schweden
89%
Schweden
89%
Schweden
89%
Schweden
89%
Schweden
89%
Schweden
89%
Schweden
89%
Schweden
89%
Schweden
89%
Spanien
89%
Spanien
89%
Spanien
89%
Spanien
89%
Spanien
89%
Spanien
89%
Spanien
89%
Spanien
89%
Spanien
89%
Spanien
89%
Spanien
89%
Spanien
89%
Spanien
89%
Spanien
89%
Spanien
89%
Spanien
89%
Spanien
89%
Vereinigtes Königreich
89%
Vereinigtes Königreich
89%
Vereinigtes Königreich
89%
Dänemark
88%
Dänemark
88%
Dänemark
88%
Dänemark
88%
Dänemark
88%
Deutschland
88%
Deutschland
88%
Deutschland
88%
Deutschland
88%
Deutschland
88%
Deutschland
88%
Finnland
88%
Finnland
88%
Finnland
88%
Finnland
88%
Finnland
88%
Finnland
88%
Finnland
88%
Finnland
88%
Finnland
88%
Finnland
88%
Finnland
88%
Finnland
88%
Finnland
88%
Finnland
88%
Finnland
88%
Frankreich
88%
Frankreich
88%
Frankreich
88%
Frankreich
88%
Frankreich
88%
Frankreich
88%
Frankreich
88%
Frankreich
88%
Frankreich
88%
Frankreich
88%
Frankreich
88%
Frankreich
88%
Frankreich
88%
Frankreich
88%
Frankreich
88%
Frankreich
88%
Irland
88%
Irland
88%
Irland
88%
Irland
88%
Irland
88%
Island
88%
Italien
88%
Italien
88%
Italien
88%
Italien
88%
Italien
88%
Italien
88%
Italien
88%
Italien
88%
Italien
88%
Italien
88%
Italien
88%
Niederlande
88%
Norwegen
88%
Norwegen
88%
Norwegen
88%
Norwegen
88%
Norwegen
88%
Norwegen
88%
Norwegen
88%
Norwegen
88%
Norwegen
88%
Norwegen
88%
Norwegen
88%
Norwegen
88%
Norwegen
88%
Norwegen
88%
Polen
88%
Portugal
88%
Portugal
88%
Russland
88%
Russland
88%
Russland
88%
Russland
88%
Russland
88%
Russland
88%
Russland
88%
Russland
88%
Russland
88%
Russland
88%
Russland
88%
Russland
88%
Russland
88%
Russland
88%
Russland
88%
Russland
88%
Russland
88%
Russland
88%
Russland
88%
Russland
88%
Russland
88%
Russland
88%
Russland
88%
Russland
88%
Schweden
88%
Schweden
88%
Schweden
88%
Schweden
88%
Schweden
88%
Schweden
88%
Schweden
88%
Schweden
88%
Schweden
88%
Schweden
88%
Schweden
88%
Schweden
88%
Schweden
88%
Schweden
88%
Spanien
88%
Spanien
88%
Spanien
88%
Spanien
88%
Spanien
88%
Spanien
88%
Spanien
88%
Spanien
88%
Spanien
88%
Spanien
88%
Spanien
88%
Spanien
88%
Spanien
88%
Spanien
88%
Spanien
88%
Spanien
88%
Vereinigtes Königreich
88%
Vereinigtes Königreich
88%
Vereinigtes Königreich
88%
Andorra
87%
Dänemark
87%
Dänemark
87%
Dänemark
87%
Dänemark
87%
Deutschland
87%
Deutschland
87%
Deutschland
87%
Finnland
87%
Finnland
87%
Finnland
87%
Finnland
87%
Finnland
87%
Finnland
87%
Finnland
87%
Finnland
87%
Finnland
87%
Finnland
87%
Finnland
87%
Finnland
87%
Frankreich
87%
Frankreich
87%
Frankreich
87%
Frankreich
87%
Frankreich
87%
Frankreich
87%
Frankreich
87%
Frankreich
87%
Frankreich
87%
Frankreich
87%
Frankreich
87%
Frankreich
87%
Frankreich
87%
Frankreich
87%
Griechenland
87%
Irland
87%
Island
87%
Island
87%
Island
87%
Italien
87%
Italien
87%
Italien
87%
Italien
87%
Italien
87%
Norwegen
87%
Norwegen
87%
Norwegen
87%
Norwegen
87%
Norwegen
87%
Norwegen
87%
Norwegen
87%
Norwegen
87%
Norwegen
87%
Norwegen
87%
Polen
87%
Polen
87%
Polen
87%
Portugal
87%
Portugal
87%
Russland
87%
Russland
87%
Russland
87%
Russland
87%
Russland
87%
Russland
87%
Russland
87%
Russland
87%
Russland
87%
Russland
87%
Russland
87%
Russland
87%
Russland
87%
Russland
87%
Russland
87%
Russland
87%
Russland
87%
Russland
87%
Russland
87%
Russland
87%
Russland
87%
Russland
87%
Russland
87%
Russland
87%
Russland
87%
Russland
87%
Russland
87%
Russland
87%
Russland
87%
Russland
87%
Russland
87%
Russland
87%
Russland
87%
Russland
87%
Russland
87%
Russland
87%
Schweden
87%
Schweden
87%
Schweden
87%
Schweden
87%
Schweden
87%
Schweden
87%
Schweden
87%
Schweden
87%
Schweden
87%
Schweden
87%
Schweden
87%
Spanien
87%
Spanien
87%
Spanien
87%
Spanien
87%
Spanien
87%
Vereinigtes Königreich
87%
Vereinigtes Königreich
87%
Vereinigtes Königreich
87%
Vereinigtes Königreich
87%
Vereinigtes Königreich
87%
Vereinigtes Königreich
87%
Dänemark
86%
Dänemark
86%
Dänemark
86%
Dänemark
86%
Deutschland
86%
Deutschland
86%
Deutschland
86%
Deutschland
86%
Deutschland
86%
Deutschland
86%
Finnland
86%
Finnland
86%
Finnland
86%
Finnland
86%
Finnland
86%
Finnland
86%
Finnland
86%
Finnland
86%
Finnland
86%
Finnland
86%
Finnland
86%
Finnland
86%
Finnland
86%
Finnland
86%
Frankreich
86%
Frankreich
86%
Frankreich
86%
Frankreich
86%
Frankreich
86%
Frankreich
86%
Frankreich
86%
Island
86%
Island
86%
Italien
86%
Italien
86%
Italien
86%
Italien
86%
Italien
86%
Italien
86%
Italien
86%
Italien
86%
Italien
86%
Italien
86%
Niederlande
86%
Norwegen
86%
Norwegen
86%
Norwegen
86%
Norwegen
86%
Norwegen
86%
Norwegen
86%
Norwegen
86%
Norwegen
86%
Norwegen
86%
Norwegen
86%
Norwegen
86%
Norwegen
86%
Polen
86%
Polen
86%
Polen
86%
Portugal
86%
Portugal
86%
Portugal
86%
Portugal
86%
Russland
86%
Russland
86%
Russland
86%
Russland
86%
Russland
86%
Russland
86%
Russland
86%
Russland
86%
Russland
86%
Russland
86%
Russland
86%
Russland
86%
Russland
86%
Russland
86%
Russland
86%
Russland
86%
Russland
86%
Russland
86%
Russland
86%
Russland
86%
Russland
86%
Russland
86%
Russland
86%
Russland
86%
Russland
86%
Russland
86%
Russland
86%
Russland
86%
Russland
86%
Russland
86%
Russland
86%
Russland
86%
Russland
86%
Russland
86%
Russland
86%
Russland
86%
Schweden
86%
Schweden
86%
Schweden
86%
Schweden
86%
Schweden
86%
Schweden
86%
Schweden
86%
Schweden
86%
Schweden
86%
Schweden
86%
Schweden
86%
Spanien
86%
Spanien
86%
Spanien
86%
Spanien
86%
Spanien
86%
Spanien
86%
Spanien
86%
Spanien
86%
Spanien
86%
Spanien
86%
Spanien
86%
Spanien
86%
Vereinigtes Königreich
86%
Vereinigtes Königreich
86%
Vereinigtes Königreich
86%
Vereinigtes Königreich
86%
Vereinigtes Königreich
86%
Vereinigtes Königreich
86%
Vereinigtes Königreich
86%
Vereinigtes Königreich
86%
Vereinigtes Königreich
86%
Vereinigtes Königreich
86%
Deutschland
85%
Deutschland
85%
Deutschland
85%
Deutschland
85%
Deutschland
85%
Deutschland
85%
Finnland
85%
Finnland
85%
Finnland
85%
Finnland
85%
Finnland
85%
Finnland
85%
Finnland
85%
Finnland
85%
Finnland
85%
Finnland
85%
Finnland
85%
Finnland
85%
Finnland
85%
Frankreich
85%
Frankreich
85%
Frankreich
85%
Frankreich
85%
Frankreich
85%
Frankreich
85%
Griechenland
85%
Irland
85%
Irland
85%
Island
85%
Island
85%
Italien
85%
Italien
85%
Norwegen
85%
Polen
85%
Polen
85%
Polen
85%
Polen
85%
Polen
85%
Polen
85%
Portugal
85%
Russland
85%
Russland
85%
Russland
85%
Russland
85%
Russland
85%
Russland
85%
Russland
85%
Russland
85%
Russland
85%
Russland
85%
Russland
85%
Russland
85%
Russland
85%
Russland
85%
Russland
85%
Russland
85%
Russland
85%
Russland
85%
Russland
85%
Russland
85%
Russland
85%
Russland
85%
Russland
85%
Russland
85%
Russland
85%
Russland
85%
Russland
85%
Russland
85%
Russland
85%
Russland
85%
Russland
85%
Russland
85%
Russland
85%
Russland
85%
Russland
85%
Russland
85%
Russland
85%
Russland
85%
Russland
85%
Schweden
85%
Schweden
85%
Schweden
85%
Schweden
85%
Schweden
85%
Schweden
85%
Schweden
85%
Schweiz
85%
Spanien
85%
Spanien
85%
Spanien
85%
Spanien
85%
Spanien
85%
Spanien
85%
Spanien
85%
Vereinigtes Königreich
85%
Vereinigtes Königreich
85%
Vereinigtes Königreich
85%
Vereinigtes Königreich
85%
Vereinigtes Königreich
85%
Vereinigtes Königreich
85%
Vereinigtes Königreich
85%
Vereinigtes Königreich
85%
Vereinigtes Königreich
85%
Vereinigtes Königreich
85%
Dänemark
84%
Deutschland
84%
Deutschland
84%
Deutschland
84%
Deutschland
84%
Deutschland
84%
Finnland
84%
Finnland
84%
Finnland
84%
Finnland
84%
Finnland
84%
Finnland
84%
Finnland
84%
Finnland
84%
Finnland
84%
Finnland
84%
Finnland
84%
Finnland
84%
Finnland
84%
Finnland
84%
Finnland
84%
Finnland
84%
Finnland
84%
Frankreich
84%
Frankreich
84%
Frankreich
84%
Frankreich
84%
Frankreich
84%
Frankreich
84%
Griechenland
84%
Griechenland
84%
Griechenland
84%
Griechenland
84%
Irland
84%
Irland
84%
Irland
84%
Irland
84%
Island
84%
Island
84%
Italien
84%
Niederlande
84%
Niederlande
84%
Niederlande
84%
Niederlande
84%
Norwegen
84%
Norwegen
84%
Norwegen
84%
Norwegen
84%
Norwegen
84%
Norwegen
84%
Polen
84%
Polen
84%
Polen
84%
Polen
84%
Polen
84%
Polen
84%
Polen
84%
Russland
84%
Russland
84%
Russland
84%
Russland
84%
Russland
84%
Russland
84%
Russland
84%
Russland
84%
Russland
84%
Russland
84%
Russland
84%
Russland
84%
Russland
84%
Russland
84%
Russland
84%
Russland
84%
Russland
84%
Russland
84%
Russland
84%
Russland
84%
Russland
84%
Russland
84%
Russland
84%
Russland
84%
Russland
84%
Russland
84%
Russland
84%
Russland
84%
Russland
84%
Russland
84%
Russland
84%
Russland
84%
Russland
84%
Russland
84%
Russland
84%
Russland
84%
Russland
84%
Russland
84%
Russland
84%
Russland
84%
Russland
84%
Russland
84%
Russland
84%
Russland
84%
Russland
84%
Russland
84%
Russland
84%
Schweden
84%
Schweden
84%
Schweden
84%
Schweiz
84%
Schweiz
84%
Spanien
84%
Spanien
84%
Spanien
84%
Spanien
84%
Spanien
84%
Spanien
84%
Vereinigtes Königreich
84%
Vereinigtes Königreich
84%
Vereinigtes Königreich
84%
Vereinigtes Königreich
84%
Vereinigtes Königreich
84%
Vereinigtes Königreich
84%
Vereinigtes Königreich
84%
Vereinigtes Königreich
84%
Vereinigtes Königreich
84%
Dänemark
83%
Dänemark
83%
Dänemark
83%
Deutschland
83%
Deutschland
83%
Finnland
83%
Finnland
83%
Finnland
83%
Finnland
83%
Finnland
83%
Finnland
83%
Finnland
83%
Finnland
83%
Finnland
83%
Finnland
83%
Finnland
83%
Frankreich
83%
Frankreich
83%
Irland
83%
Island
83%
Island
83%
Island
83%
Island
83%
Island
83%
Island
83%
Island
83%
Italien
83%
Italien
83%
Italien
83%
Italien
83%
Italien
83%
Italien
83%
Italien
83%
Italien
83%
Niederlande
83%
Norwegen
83%
Norwegen
83%
Österreich
83%
Polen
83%
Polen
83%
Polen
83%
Polen
83%
Portugal
83%
Portugal
83%
Russland
83%
Russland
83%
Russland
83%
Russland
83%
Russland
83%
Russland
83%
Russland
83%
Russland
83%
Russland
83%
Russland
83%
Russland
83%
Russland
83%
Russland
83%
Russland
83%
Russland
83%
Russland
83%
Russland
83%
Russland
83%
Russland
83%
Russland
83%
Russland
83%
Russland
83%
Russland
83%
Russland
83%
Russland
83%
Russland
83%
Russland
83%
Russland
83%
Russland
83%
Russland
83%
Russland
83%
Russland
83%
Russland
83%
Russland
83%
Russland
83%
Russland
83%
Russland
83%
Russland
83%
Russland
83%
Russland
83%
Russland
83%
Russland
83%
Russland
83%
Russland
83%
Russland
83%
Schweiz
83%
Schweiz
83%
Spanien
83%
Spanien
83%
Spanien
83%
Spanien
83%
Spanien
83%
Spanien
83%
Spanien
83%
Vereinigtes Königreich
83%
Vereinigtes Königreich
83%
Vereinigtes Königreich
83%
Vereinigtes Königreich
83%
Vereinigtes Königreich
83%
Vereinigtes Königreich
83%
Vereinigtes Königreich
83%
Vereinigtes Königreich
83%
Vereinigtes Königreich
83%
Vereinigtes Königreich
83%
Vereinigtes Königreich
83%
Vereinigtes Königreich
83%
Vereinigtes Königreich
83%
Belgien
82%
Belgien
82%
Dänemark
82%
Deutschland
82%
Deutschland
82%
Deutschland
82%
Deutschland
82%
Finnland
82%
Finnland
82%
Finnland
82%
Finnland
82%
Finnland
82%
Finnland
82%
Finnland
82%
Finnland
82%
Finnland
82%
Finnland
82%
Finnland
82%
Finnland
82%
Finnland
82%
Finnland
82%
Frankreich
82%
Frankreich
82%
Griechenland
82%
Griechenland
82%
Irland
82%
Island
82%
Island
82%
Island
82%
Island
82%
Island
82%
Italien
82%
Italien
82%
Niederlande
82%
Norwegen
82%
Norwegen
82%
Norwegen
82%
Österreich
82%
Polen
82%
Polen
82%
Polen
82%
Polen
82%
Polen
82%
Polen
82%
Polen
82%
Polen
82%
Portugal
82%
Portugal
82%
Russland
82%
Russland
82%
Russland
82%
Russland
82%
Russland
82%
Russland
82%
Russland
82%
Russland
82%
Russland
82%
Russland
82%
Russland
82%
Russland
82%
Russland
82%
Russland
82%
Russland
82%
Russland
82%
Russland
82%
Russland
82%
Russland
82%
Russland
82%
Russland
82%
Russland
82%
Russland
82%
Russland
82%
Russland
82%
Russland
82%
Russland
82%
Russland
82%
Russland
82%
Russland
82%
Russland
82%
Russland
82%
Russland
82%
Russland
82%
Russland
82%
Russland
82%
Russland
82%
Russland
82%
Schweden
82%
Schweden
82%
Schweden
82%
Schweden
82%
Schweden
82%
Schweiz
82%
Spanien
82%
Spanien
82%
Spanien
82%
Spanien
82%
Spanien
82%
Vereinigtes Königreich
82%
Vereinigtes Königreich
82%
Vereinigtes Königreich
82%
Vereinigtes Königreich
82%
Vereinigtes Königreich
82%
Vereinigtes Königreich
82%
Vereinigtes Königreich
82%
Vereinigtes Königreich
82%
Vereinigtes Königreich
82%
Belgien
81%
Dänemark
81%
Deutschland
81%
Deutschland
81%
Finnland
81%
Finnland
81%
Finnland
81%
Finnland
81%
Finnland
81%
Finnland
81%
Finnland
81%
Finnland
81%
Frankreich
81%
Frankreich
81%
Griechenland
81%
Griechenland
81%
Island
81%
Island
81%
Island
81%
Island
81%
Italien
81%
Italien
81%
Kroatien
81%
Niederlande
81%
Niederlande
81%
Norwegen
81%
Norwegen
81%
Norwegen
81%
Norwegen
81%
Norwegen
81%
Norwegen
81%
Polen
81%
Polen
81%
Polen
81%
Polen
81%
Polen
81%
Polen
81%
Russland
81%
Russland
81%
Russland
81%
Russland
81%
Russland
81%
Russland
81%
Russland
81%
Russland
81%
Russland
81%
Russland
81%
Russland
81%
Russland
81%
Russland
81%
Russland
81%
Russland
81%
Russland
81%
Russland
81%
Russland
81%
Russland
81%
Russland
81%
Russland
81%
Russland
81%
Russland
81%
Russland
81%
Russland
81%
Russland
81%
Russland
81%
Russland
81%
Russland
81%
Russland
81%
Schweden
81%
Spanien
81%
Spanien
81%
Ukraine
81%
Vereinigtes Königreich
81%
Vereinigtes Königreich
81%
Vereinigtes Königreich
81%
Vereinigtes Königreich
81%
Vereinigtes Königreich
81%
Belgien
80%
Finnland
80%
Finnland
80%
Finnland
80%
Finnland
80%
Finnland
80%
Finnland
80%
Finnland
80%
Finnland
80%
Finnland
80%
Finnland
80%
Frankreich
80%
Frankreich
80%
Griechenland
80%
Griechenland
80%
Island
80%
Island
80%
Island
80%
Island
80%
Italien
80%
Italien
80%
Italien
80%
Niederlande
80%
Norwegen
80%
Norwegen
80%
Norwegen
80%
Norwegen
80%
Polen
80%
Polen
80%
Polen
80%
Polen
80%
Polen
80%
Polen
80%
Polen
80%
Polen
80%
Polen
80%
Portugal
80%
Portugal
80%
Russland
80%
Russland
80%
Russland
80%
Russland
80%
Russland
80%
Russland
80%
Russland
80%
Russland
80%
Russland
80%
Russland
80%
Russland
80%
Russland
80%
Russland
80%
Russland
80%
Russland
80%
Russland
80%
Russland
80%
Russland
80%
Russland
80%
Russland
80%
Russland
80%
Russland
80%
Russland
80%
Russland
80%
Russland
80%
Russland
80%
Russland
80%
Schweden
80%
Schweiz
80%
Schweiz
80%
Spanien
80%
Spanien
80%
Spanien
80%
Tschechien
80%
Ukraine
80%
Ukraine
80%
Vereinigtes Königreich
80%
Vereinigtes Königreich
80%
Vereinigtes Königreich
80%
Vereinigtes Königreich
80%
Belgien
79%
Dänemark
79%
Deutschland
79%
Deutschland
79%
Estland
79%
Finnland
79%
Finnland
79%
Finnland
79%
Finnland
79%
Frankreich
79%
Frankreich
79%
Island
79%
Island
79%
Island
79%
Italien
79%
Italien
79%
Italien
79%
Niederlande
79%
Norwegen
79%
Norwegen
79%
Norwegen
79%
Polen
79%
Polen
79%
Polen
79%
Polen
79%
Polen
79%
Russland
79%
Russland
79%
Russland
79%
Russland
79%
Russland
79%
Russland
79%
Russland
79%
Russland
79%
Russland
79%
Russland
79%
Russland
79%
Russland
79%
Russland
79%
Russland
79%
Russland
79%
Russland
79%
Russland
79%
Russland
79%
Russland
79%
Schweden
79%
Schweiz
79%
Ukraine
79%
Vereinigtes Königreich
79%
Vereinigtes Königreich
79%
Vereinigtes Königreich
79%
Vereinigtes Königreich
79%
Vereinigtes Königreich
79%
Vereinigtes Königreich
79%
Estland
78%
Finnland
78%
Finnland
78%
Finnland
78%
Finnland
78%
Finnland
78%
Finnland
78%
Finnland
78%
Finnland
78%
Griechenland
78%
Griechenland
78%
Griechenland
78%
Griechenland
78%
Island
78%
Island
78%
Island
78%
Island
78%
Italien
78%
Italien
78%
Italien
78%
Niederlande
78%
Norwegen
78%
Polen
78%
Polen
78%
Polen
78%
Polen
78%
Polen
78%
Polen
78%
Portugal
78%
Portugal
78%
Portugal
78%
Portugal
78%
Russland
78%
Russland
78%
Russland
78%
Russland
78%
Russland
78%
Russland
78%
Russland
78%
Russland
78%
Russland
78%
Russland
78%
Russland
78%
Russland
78%
Russland
78%
Russland
78%
Russland
78%
Russland
78%
Russland
78%
Russland
78%
Russland
78%
Russland
78%
Schweiz
78%
Schweiz
78%
Tschechien
78%
Tschechien
78%
Ukraine
78%
Ukraine
78%
Vereinigtes Königreich
78%
Vereinigtes Königreich
78%
Vereinigtes Königreich
78%
Vereinigtes Königreich
78%
Vereinigtes Königreich
78%
Vereinigtes Königreich
78%
Belgien
77%
Dänemark
77%
Deutschland
77%
Estland
77%
Estland
77%
Finnland
77%
Griechenland
77%
Griechenland
77%
Griechenland
77%
Griechenland
77%
Griechenland
77%
Griechenland
77%
Griechenland
77%
Island
77%
Island
77%
Italien
77%
Monaco
77%
Niederlande
77%
Norwegen
77%
Österreich
77%
Polen
77%
Portugal
77%
Russland
77%
Russland
77%
Russland
77%
Russland
77%
Russland
77%
Russland
77%
Russland
77%
Russland
77%
Russland
77%
Russland
77%
Russland
77%
Russland
77%
Russland
77%
Schweiz
77%
Spanien
77%
Spanien
77%
Ukraine
77%
Vereinigtes Königreich
77%
Vereinigtes Königreich
77%
Vereinigtes Königreich
77%
Vereinigtes Königreich
77%
Vereinigtes Königreich
77%
Vereinigtes Königreich
77%
Deutschland
76%
Finnland
76%
Finnland
76%
Griechenland
76%
Griechenland
76%
Griechenland
76%
Griechenland
76%
Griechenland
76%
Griechenland
76%
Griechenland
76%
Island
76%
Island
76%
Italien
76%
Italien
76%
Malta
76%
Österreich
76%
Polen
76%
Polen
76%
Polen
76%
Polen
76%
Russland
76%
Russland
76%
Russland
76%
Russland
76%
Russland
76%
Russland
76%
Russland
76%
Russland
76%
Russland
76%
Russland
76%
Russland
76%
Schweiz
76%
Schweiz
76%
Tschechien
76%
Tschechien
76%
Vereinigtes Königreich
76%
Vereinigtes Königreich
76%
Vereinigtes Königreich
76%
Vereinigtes Königreich
76%
Vereinigtes Königreich
76%
Vereinigtes Königreich
76%
Belgien
75%
Dänemark
75%
Deutschland
75%
Deutschland
75%
Estland
75%
Griechenland
75%
Griechenland
75%
Griechenland
75%
Griechenland
75%
Island
75%
Italien
75%
Österreich
75%
Österreich
75%
Polen
75%
Polen
75%
Polen
75%
Polen
75%
Polen
75%
Polen
75%
Russland
75%
Russland
75%
Russland
75%
Russland
75%
Russland
75%
Russland
75%
Russland
75%
Russland
75%
Russland
75%
Russland
75%
Russland
75%
Russland
75%
Russland
75%
Russland
75%
Russland
75%
Schweiz
75%
Ukraine
75%
Vereinigtes Königreich
75%
Vereinigtes Königreich
75%
Vereinigtes Königreich
75%
Vereinigtes Königreich
75%
Belarus
74%
Belarus
74%
Finnland
74%
Griechenland
74%
Griechenland
74%
Griechenland
74%
Griechenland
74%
Kroatien
74%
Kroatien
74%
Polen
74%
Polen
74%
Polen
74%
Portugal
74%
Russland
74%
Russland
74%
Russland
74%
Russland
74%
Russland
74%
Russland
74%
Russland
74%
Tschechien
74%
Ukraine
74%
Ukraine
74%
Ukraine
74%
Belarus
73%
Belgien
73%
Belgien
73%
Belgien
73%
Estland
73%
Estland
73%
Griechenland
73%
Griechenland
73%
Griechenland
73%
Griechenland
73%
Griechenland
73%
Griechenland
73%
Griechenland
73%
Griechenland
73%
Italien
73%
Litauen
73%
Österreich
73%
Österreich
73%
Österreich
73%
Polen
73%
Polen
73%
Polen
73%
Russland
73%
Russland
73%
Russland
73%
Russland
73%
Russland
73%
Schweiz
73%
Slowenien
73%
Tschechien
73%
Ukraine
73%
Ukraine
73%
Ukraine
73%
Ukraine
73%
Ukraine
73%
Vereinigtes Königreich
73%
Estland
72%
Estland
72%
Estland
72%
Estland
72%
Finnland
72%
Griechenland
72%
Griechenland
72%
Lettland
72%
Niederlande
72%
Norwegen
72%
Polen
72%
Polen
72%
Polen
72%
Russland
72%
Spanien
72%
Tschechien
72%
Tschechien
72%
Tschechien
72%
Ukraine
72%
Ukraine
72%
Ukraine
72%
Ukraine
72%
Ukraine
72%
Ukraine
72%
Ukraine
72%
Ukraine
72%
Ukraine
72%
Ukraine
72%
Vereinigtes Königreich
72%
Vereinigtes Königreich
72%
Vereinigtes Königreich
72%
Vereinigtes Königreich
72%
Belarus
71%
Belgien
71%
Dänemark
71%
Deutschland
71%
Estland
71%
Estland
71%
Griechenland
71%
Griechenland
71%
Island
71%
Italien
71%
Italien
71%
Kroatien
71%
Kroatien
71%
Lettland
71%
Lettland
71%
Österreich
71%
Österreich
71%
Österreich
71%
Russland
71%
Russland
71%
Ukraine
71%
Ukraine
71%
Ukraine
71%
Ukraine
71%
Ukraine
71%
Ukraine
71%
Ukraine
71%
Ukraine
71%
Albanien
70%
Belarus
70%
Belarus
70%
Belarus
70%
Estland
70%
Griechenland
70%
Griechenland
70%
Griechenland
70%
Griechenland
70%
Griechenland
70%
Griechenland
70%
Italien
70%
Kroatien
70%
Kroatien
70%
Litauen
70%
Niederlande
70%
Österreich
70%
Polen
70%
Russland
70%
Tschechien
70%
Ukraine
70%
Ukraine
70%
Ukraine
70%
Ukraine
70%
Vereinigtes Königreich
70%
Vereinigtes Königreich
70%
Belarus
69%
Deutschland
69%
Estland
69%
Estland
69%
Estland
69%
Griechenland
69%
Griechenland
69%
Italien
69%
Italien
69%
Kroatien
69%
Kroatien
69%
Litauen
69%
Österreich
69%
Polen
69%
Polen
69%
Polen
69%
Russland
69%
San Marino
69%
Schweiz
69%
Tschechien
69%
Tschechien
69%
Tschechien
69%
Tschechien
69%
Ukraine
69%
Ukraine
69%
Ukraine
69%
Ukraine
69%
Vereinigtes Königreich
69%
Vereinigtes Königreich
69%
Belarus
68%
Belarus
68%
Dänemark
68%
Estland
68%
Griechenland
68%
Griechenland
68%
Griechenland
68%
Griechenland
68%
Griechenland
68%
Griechenland
68%
Kroatien
68%
Kroatien
68%
Polen
68%
Polen
68%
Polen
68%
Polen
68%
Russland
68%
Tschechien
68%
Ukraine
68%
Ukraine
68%
Ukraine
68%
Ukraine
68%
Ukraine
68%
Ukraine
68%
Ukraine
68%
Ukraine
68%
Ukraine
68%
Belarus
67%
Belarus
67%
Belarus
67%
Belgien
67%
Estland
67%
Estland
67%
Estland
67%
Griechenland
67%
Griechenland
67%
Griechenland
67%
Italien
67%
Kroatien
67%
Kroatien
67%
Kroatien
67%
Lettland
67%
Litauen
67%
Österreich
67%
Polen
67%
Polen
67%
Polen
67%
Russland
67%
Schweiz
67%
Tschechien
67%
Tschechien
67%
Tschechien
67%
Tschechien
67%
Ukraine
67%
Ukraine
67%
Ukraine
67%
Ukraine
67%
Ukraine
67%
Ukraine
67%
Ukraine
67%
Ukraine
67%
Ukraine
67%
Ukraine
67%
Ukraine
67%
Belgien
66%
Griechenland
66%
Griechenland
66%
Griechenland
66%
Kroatien
66%
Kroatien
66%
Lettland
66%
Litauen
66%
Polen
66%
Portugal
66%
Schweiz
66%
Tschechien
66%
Tschechien
66%
Ukraine
66%
Ukraine
66%
Ukraine
66%
Ukraine
66%
Ukraine
66%
Ukraine
66%
Ukraine
66%
Ukraine
66%
Ukraine
66%
Bosnien und Herzegowina
65%
Bulgarien
65%
Bulgarien
65%
Estland
65%
Estland
65%
Kroatien
65%
Lettland
65%
Lettland
65%
Litauen
65%
Luxemburg
65%
Österreich
65%
Rumänien
65%
Slowenien
65%
Tschechien
65%
Tschechien
65%
Ukraine
65%
Ukraine
65%
Ukraine
65%
Ukraine
65%
Ukraine
65%
Ukraine
65%
Ukraine
65%
Ukraine
65%
Ukraine
65%
Ukraine
65%
Ukraine
65%
Ukraine
65%
Ukraine
65%
Ukraine
65%
Ukraine
65%
Ukraine
65%
Ukraine
65%
Ukraine
65%
Ukraine
65%
Albanien
64%
Belarus
64%
Bulgarien
64%
Griechenland
64%
Griechenland
64%
Lettland
64%
Österreich
64%
Polen
64%
Polen
64%
Polen
64%
Rumänien
64%
Rumänien
64%
Serbien
64%
Tschechien
64%
Ukraine
64%
Ukraine
64%
Ukraine
64%
Ukraine
64%
Ukraine
64%
Ukraine
64%
Ukraine
64%
Ukraine
64%
Ukraine
64%
Belarus
63%
Belarus
63%
Belarus
63%
Belarus
63%
Estland
63%
Griechenland
63%
Griechenland
63%
Kroatien
63%
Kroatien
63%
Lettland
63%
Luxemburg
63%
Polen
63%
Polen
63%
Polen
63%
Rumänien
63%
Tschechien
63%
Ukraine
63%
Ukraine
63%
Ukraine
63%
Ukraine
63%
Ukraine
63%
Ukraine
63%
Ukraine
63%
Ukraine
63%
Ukraine
63%
Ukraine
63%
Ukraine
63%
Ukraine
63%
Ukraine
63%
Ukraine
63%
Ukraine
63%
Belarus
62%
Belarus
62%
Belarus
62%
Belarus
62%
Griechenland
62%
Griechenland
62%
Lettland
62%
Lettland
62%
Litauen
62%
Litauen
62%
Litauen
62%
Rumänien
62%
Tschechien
62%
Ukraine
62%
Ukraine
62%
Ukraine
62%
Ukraine
62%
Ukraine
62%
Ukraine
62%
Ukraine
62%
Ukraine
62%
Ukraine
62%
Ukraine
62%
Ukraine
62%
Belarus
61%
Belarus
61%
Belarus
61%
Belarus
61%
Belarus
61%
Belarus
61%
Belarus
61%
Belarus
61%
Belarus
61%
Belarus
61%
Belarus
61%
Belarus
61%
Belarus
61%
Belarus
61%
Belarus
61%
Belarus
61%
Bosnien und Herzegowina
61%
Bosnien und Herzegowina
61%
Bulgarien
61%
Estland
61%
Griechenland
61%
Lettland
61%
Lettland
61%
Lettland
61%
Lettland
61%
Luxemburg
61%
Polen
61%
Polen
61%
Rumänien
61%
Rumänien
61%
Ukraine
61%
Ukraine
61%
Ukraine
61%
Ukraine
61%
Ukraine
61%
Ukraine
61%
Ukraine
61%
Ukraine
61%
Ukraine
61%
Ukraine
61%
Ukraine
61%
Vatikanstadt
61%
Vereinigtes Königreich
61%
Albanien
60%
Belarus
60%
Belarus
60%
Belarus
60%
Belarus
60%
Griechenland
60%
Griechenland
60%
Griechenland
60%
Lettland
60%
Litauen
60%
Litauen
60%
Litauen
60%
Litauen
60%
Polen
60%
Rumänien
60%
Rumänien
60%
Rumänien
60%
Serbien
60%
Slowenien
60%
Ukraine
60%
Ukraine
60%
Ukraine
60%
Ukraine
60%
Ukraine
60%
Ukraine
60%
Ukraine
60%
Belarus
59%
Belarus
59%
Belarus
59%
Belarus
59%
Belarus
59%
Belarus
59%
Belarus
59%
Belarus
59%
Belarus
59%
Bulgarien
59%
Bulgarien
59%
Estland
59%
Lettland
59%
Lettland
59%
Litauen
59%
Rumänien
59%
Rumänien
59%
Serbien
59%
Slowenien
59%
Slowenien
59%
Ukraine
59%
Ukraine
59%
Ukraine
59%
Ukraine
59%
Belarus
58%
Belarus
58%
Belarus
58%
Belarus
58%
Bosnien und Herzegowina
58%
Bulgarien
58%
Bulgarien
58%
Griechenland
58%
Kroatien
58%
Kroatien
58%
Lettland
58%
Lettland
58%
Litauen
58%
Österreich
58%
Rumänien
58%
Ukraine
58%
Ukraine
58%
Ukraine
58%
Ukraine
58%
Ukraine
58%
Ukraine
58%
Ukraine
58%
Ukraine
58%
Ukraine
58%
Ungarn
58%
Ungarn
58%
Bosnien und Herzegowina
57%
Bulgarien
57%
Estland
57%
Estland
57%
Lettland
57%
Lettland
57%
Polen
57%
Rumänien
57%
Rumänien
57%
Rumänien
57%
Rumänien
57%
Slowenien
57%
Ukraine
57%
Ukraine
57%
Ukraine
57%
Ukraine
57%
Ukraine
57%
Ungarn
57%
Albanien
56%
Belarus
56%
Belarus
56%
Bosnien und Herzegowina
56%
Bulgarien
56%
Bulgarien
56%
Bulgarien
56%
Bulgarien
56%
Griechenland
56%
Kroatien
56%
Lettland
56%
Rumänien
56%
Rumänien
56%
Rumänien
56%
Rumänien
56%
Rumänien
56%
Rumänien
56%
Serbien
56%
Türkei
56%
Ukraine
56%
Ukraine
56%
Ukraine
56%
Albanien
55%
Belarus
55%
Belarus
55%
Bulgarien
55%
Bulgarien
55%
Bulgarien
55%
Bulgarien
55%
Dänemark
55%
Lettland
55%
Litauen
55%
Österreich
55%
Österreich
55%
Rumänien
55%
Serbien
55%
Serbien
55%
Slowenien
55%
Tschechien
55%
Tschechien
55%
Tschechien
55%
Ukraine
55%
Ukraine
55%
Ungarn
55%
Belarus
54%
Belarus
54%
Belarus
54%
Belarus
54%
Belarus
54%
Bulgarien
54%
Bulgarien
54%
Litauen
54%
Litauen
54%
Rumänien
54%
Serbien
54%
Ukraine
54%
Ukraine
54%
Ukraine
54%
Ukraine
54%
Ukraine
54%
Ukraine
54%
Ungarn
54%
Albanien
53%
Albanien
53%
Belarus
53%
Belarus
53%
Belarus
53%
Bulgarien
53%
Lettland
53%
Lettland
53%
Lettland
53%
Österreich
53%
Österreich
53%
Polen
53%
Polen
53%
Rumänien
53%
Rumänien
53%
Serbien
53%
Slowakei
53%
Tschechien
53%
Ukraine
53%
Ukraine
53%
Albanien
52%
Belarus
52%
Belarus
52%
Belarus
52%
Bosnien und Herzegowina
52%
Bulgarien
52%
Bulgarien
52%
Bulgarien
52%
Österreich
52%
Polen
52%
Rumänien
52%
Rumänien
52%
Serbien
52%
Ukraine
52%
Ukraine
52%
Albanien
51%
Bosnien und Herzegowina
51%
Bosnien und Herzegowina
51%
Bosnien und Herzegowina
51%
Bulgarien
51%
Kroatien
51%
Kroatien
51%
Litauen
51%
Moldawien
51%
Rumänien
51%
Rumänien
51%
Rumänien
51%
Slowakei
51%
Ukraine
51%
Ukraine
51%
Ungarn
51%
Ungarn
51%
Albanien
50%
Belarus
50%
Belarus
50%
Kroatien
50%
Lettland
50%
Österreich
50%
Rumänien
50%
Rumänien
50%
Rumänien
50%
Rumänien
50%
Rumänien
50%
Slowenien
50%
Türkei
50%
Ukraine
50%
Ungarn
50%
Ungarn
50%
Albanien
49%
Albanien
49%
Belarus
49%
Bosnien und Herzegowina
49%
Bulgarien
49%
Kroatien
49%
Litauen
49%
Litauen
49%
Litauen
49%
Moldawien
49%
Moldawien
49%
Österreich
49%
Rumänien
49%
Rumänien
49%
Rumänien
49%
Rumänien
49%
Rumänien
49%
Rumänien
49%
Rumänien
49%
Rumänien
49%
Rumänien
49%
Serbien
49%
Ukraine
49%
Ungarn
49%
Ungarn
49%
Ungarn
49%
Bosnien und Herzegowina
48%
Bulgarien
48%
Lettland
48%
Litauen
48%
Österreich
48%
Rumänien
48%
Rumänien
48%
Rumänien
48%
Rumänien
48%
Rumänien
48%
Rumänien
48%
Rumänien
48%
Ukraine
48%
Ukraine
48%
Ungarn
48%
Belarus
47%
Belarus
47%
Bosnien und Herzegowina
47%
Bosnien und Herzegowina
47%
Moldawien
47%
Nordmazedonien
47%
Österreich
47%
Österreich
47%
Rumänien
47%
Rumänien
47%
Serbien
47%
Serbien
47%
Serbien
47%
Türkei
47%
Ukraine
47%
Ungarn
47%
Bulgarien
46%
Litauen
46%
Litauen
46%
Moldawien
46%
Österreich
46%
Österreich
46%
Rumänien
46%
Rumänien
46%
Rumänien
46%
Serbien
46%
Slowakei
46%
Slowakei
46%
Ukraine
46%
Bosnien und Herzegowina
45%
Dänemark
45%
Kroatien
45%
Moldawien
45%
Rumänien
45%
Rumänien
45%
Serbien
45%
Slowakei
45%
Slowakei
45%
Slowakei
45%
Ungarn
45%
Bosnien und Herzegowina
44%
Bulgarien
44%
Nordmazedonien
44%
Rumänien
44%
Serbien
44%
Türkei
44%
Ukraine
44%
Ungarn
44%
Ungarn
44%
Belarus
43%
Kroatien
43%
Liechtenstein
43%
Litauen
43%
Moldawien
43%
Rumänien
43%
Serbien
43%
Slowakei
43%
Slowenien
43%
Slowenien
43%
Ungarn
43%
Ungarn
43%
Ungarn
43%
Ungarn
43%
Ungarn
43%
Bulgarien
42%
Moldawien
42%
Montenegro
42%
Rumänien
42%
Serbien
42%
Slowakei
42%
Ungarn
42%
Ungarn
42%
Bosnien und Herzegowina
41%
Moldawien
41%
Nordmazedonien
41%
Österreich
41%
Rumänien
41%
Rumänien
41%
Serbien
41%
Serbien
41%
Serbien
41%
Türkei
41%
Bosnien und Herzegowina
40%
Bulgarien
40%
Dänemark
40%
Dänemark
40%
Moldawien
40%
Österreich
40%
Österreich
40%
Serbien
40%
Serbien
40%
Türkei
40%
Ungarn
40%
Bulgarien
39%
Bulgarien
39%
Kroatien
39%
Litauen
39%
Österreich
39%
Rumänien
39%
Rumänien
39%
Serbien
39%
Türkei
39%
Ungarn
39%
Ungarn
39%
Bulgarien
38%
Bulgarien
38%
Bulgarien
38%
Kosovo
38%
Moldawien
38%
Moldawien
38%
Rumänien
38%
Serbien
38%
Slowakei
38%
Türkei
38%
Montenegro
37%
Montenegro
37%
Nordmazedonien
37%
Rumänien
37%
Bulgarien
36%
Slowakei
36%
Slowakei
36%
Türkei
36%
Ungarn
36%
Ungarn
36%
Nordmazedonien
35%
Rumänien
35%
Slowakei
35%
Moldawien
34%
Nordmazedonien
34%
Rumänien
34%
Slowakei
34%
Türkei
34%
Bosnien und Herzegowina
33%
Kosovo
33%
Kroatien
33%
Moldawien
33%
Montenegro
33%
Nordmazedonien
33%
Slowakei
33%
Montenegro
32%
Rumänien
32%
Slowakei
32%
Slowakei
32%
Kosovo
31%
Moldawien
31%
Moldawien
31%
Moldawien
31%
Rumänien
31%
Slowakei
31%
Türkei
31%
Türkei
31%
Ungarn
30%
Ungarn
29%
Nordmazedonien
28%
Rumänien
27%
Slowakei
26%
Nordmazedonien
25%
Ungarn
25%
Kosovo
24%
Montenegro
24%
Montenegro
21%
Kosovo
14%
Keine übereinstimmenden Quizze gefunden
Verteilung der Resultate
Anzahl Personen mit jedem Resultat
Perzentil nach korrekt beantworteten Fragen
Ihre Resultats-Entwicklung
Sie haben dieses Quiz noch nicht gespielt